| 000 | 01099 a2200241 4500 | ||
|---|---|---|---|
| 003 | Nust | ||
| 005 | 20230602194311.0 | ||
| 010 | _a 95082432 | ||
| 020 | _a0070278938 | ||
| 035 | _a(OCoLC)34838899 | ||
| 040 | _cNust | ||
| 082 | _a005.73,HEI | ||
| 100 | 1 |
_aHeileman, Gregory L. _9112972 |
|
| 245 | 1 | 0 |
_aData structures, algorithms, and object-oriented programming / _cGregory L. Heileman. |
| 260 |
_aNew York : _bMcGraw-Hill, _cc1996. |
||
| 300 |
_axvi, 446 p. : _bill. ; _c24 cm. |
||
| 440 | 0 |
_aMcGraw-Hill series in computer science. _955540 |
|
| 505 | _aFundamentals (Page-1), Algorithmic (Page-30), Data Structures And C Programs (Page-60), Object-Oriented Programming In C++, Stacks And Queues (Page-165), Binary Search Trees (Page-190), Hashing (Page- 218), Priority Queues (Page-251), Amortized Analysis (Page-277), Balanced Search Trees (Page-294), Heaps (Page- 324), Dynamic Sets Of Special Operations (Page-346). | ||
| 650 | 0 | _aComputer algorithms. | |
| 650 | 0 | _aData structures (Computer science) | |
| 650 | 0 | _aObject-oriented programming (Computer science) | |
| 942 |
_2ddc _cBK |
||
| 999 |
_c175256 _d175256 |
||